Statystyki dla Miasta w województwie śląskim

Kliknij tutaj aby rozwiązać quiz!

Ogólne statystyki

  • Ten quiz został rozwiązany 1,782 razy
    (1,778 od ostatniego zresetowania)
  • Średni wynik to 26 z 71

Statystyki odpowiedzi

Miasto Liczba ludności % poprawnych
Katowice303 314
99%
Gliwice184 993
88%
Zabrze177 815
87%
Sosnowiec210 249
86%
Częstochowa231 527
83%
Chorzów110 538
82%
Bytom172 762
78%
Bielsko-Biała173 462
74%
Rybnik140 094
74%
Tychy128 698
74%
Ruda Śląska141 090
70%
Dąbrowa Górnicza123 774
66%
Wisła11 279
53%
Mysłowice75 028
52%
Jastrzębie-Zdrój91 073
51%
Tarnowskie Góry60 984
51%
Cieszyn35 824
50%
Jaworzno93 556
50%
Żywiec31 967
50%
Żory62 015
50%
Siemianowice Śląskie68 658
49%
Wodzisław Śląski48 688
48%
Będzin58 297
48%
Pszczyna25 985
47%
Piekary Śląskie56 978
45%
Zawiercie51 110
44%
Mikołów39 858
43%
Ustroń16 005
41%
Racibórz55 818
41%
Świętochłowice51 722
40%
Czechowice-Dziedzice35 703
38%
Myszków32 595
35%
Szczyrk5 758
35%
Knurów39 057
34%
Czeladź32 811
34%
Lubliniec24 244
33%
Bieruń19 673
31%
Skoczów14 693
26%
Radzionków17 035
25%
Kłobuck13 189
25%
Siewierz5 474
23%
Orzesze20 111
23%
Pyskowice18 604
22%
Lędziny16 723
22%
Radlin17 943
21%
Czerwionka-Leszczyny28 401
21%
Miasteczko Śląskie7 446
21%
Rydułtowy21 838
20%
Imielin8 680
19%
Łaziska Górne22 487
19%
Toszek3 652
17%
Wojkowice9 088
16%
Koziegłowy2 456
16%
Żarki4 489
16%
Łazy7 010
16%
Kalety8 592
16%
Pszów14 263
15%
Blachownia9 827
15%
Sławków7 129
14%
Szczekociny3 737
13%
Strumień3 656
13%
Ogrodzieniec4 356
13%
Koniecpol6 138
12%
Poręba8 792
12%
Sośnicowice1 843
12%
Woźniki4 441
11%
Kuźnia Raciborska5 469
11%
Krzepice4 471
10%
Wilamowice3 044
10%
Pilica1 945
10%
Krzanowice2 193
7%

Rozkład punktacji

Percentyl według liczby udzielonych odpowiedzi

Procent ludzi z każdym wynikiem

Twoja historia wyników

Nie rozwiązałeś tego quizu od ostatniego zresetowania